Geography Quiz

Random Geography or State Quiz

States with Panhandles Quiz Stats

 Plays Quiz not verified by Sporcle

Challenge
Share
Tweet
Embed
Score 0/9 Timer 02:00
0 Plays Today
% Correct
Florida
97.5%
Oklahoma
94.8%
Texas
87.7%
Alaska
78.5%
Idaho
78.5%
Maryland
67.8%
West Virginia
65.7%
Nebraska
60.2%
Connecticut
48.2%

You're not logged in!

Compare scores with friends on all Sporcle quizzes.
Join for Free
OR
Log In

You Might Also Like...

Show Comments

Extras

Top Quizzes Today


Score Distribution

Your Account Isn't Verified!

In order to create a playlist on Sporcle, you need to verify the email address you used during registration. Go to your Sporcle Settings to finish the process.

Report this User

Report this user for behavior that violates our Community Guidelines.

Details: